000 00306nam a22001337a 4500
008 170828b xxu||||| |||| 00| 0 eng d
020 _a9781405163095
041 _aeng
080 _26 ED
_a070
100 _a39
101 _aMED
245 _aCONTEPORARY STRATEGY ANALYSIS
_cGRANT.RM
942 _2udc
_cBK
999 _c25215
_d25215